Seguridad e higiene del trabajo: técnicas de prevención de riesgos laborales

সংরক্ষণ করুন:
গ্রন্থ-পঞ্জীর বিবরন
প্রধান লেখক: Cortés Díaz, José María (Author)
বিন্যাস: গ্রন্থ
ভাষা:স্প্যানিশ
প্রকাশিত: Ciudad de México Alfaomega 2002
সংস্করন:3a. ed
বিষয়গুলি:
ট্যাগগুলো: ট্যাগ যুক্ত করুন
কোনো ট্যাগ নেই, প্রথমজন হিসাবে ট্যাগ করুন!

MARC

LEADER 00000nam a2200000 a 4500
001 UCI9919
003 CL-VaPUC
008 081218e20020000MX |||||||||||||||||spa|d
020 |a 970150285X 
082 0 4 |a 658.38  |b COR  |2 21 
100 0 |a Cortés Díaz, José María  |e author  |9 533973 
245 1 0 |a Seguridad e higiene del trabajo: técnicas de prevención de riesgos laborales 
250 |a 3a. ed 
300 |a 631 p 
942 |c BK 
945 |d 20081218 00:00:00  |a rbrito 
260 |a Ciudad de México  |b Alfaomega  |c 2002 
650 7 |a SEGURIDAD E HIGIENE INDUSTRIAL  |2 CL-VaPUC  |9 525373 
650 0 |a Seguridad en el trabajo  |9 339687 
650 0 |a Prevención de riesgos   |9 387495 
650 7 |a SALUD Y TRABAJO  |2 CL-VaPUC  |9 533974 
650 0 |a Trabajo  |9 313876 
650 0 |a Trabajadores  |9 260887 
583 |a last modification  |c 20081218 00:00:00  |k Rodrigo Vera 
999 |c 332365  |d 332363 
952 |0 0  |1 0  |4 0  |6 658_380000000000000_COR_2002  |7 0  |8 A  |9 419998  |a BIBMEC  |b BIBMEC  |d 2019-11-22  |i 4507525  |o 658.38 COR 2002  |p 4507525  |r 2024-01-19  |w 2019-11-22  |y BK  |k MEC